[Event "Kaupthing Open Differdange"]
[Site "Differdange"]
[Date "2007.07.12"]
[Round "7.40"]
[White "Mauquoi, Rudi"]
[Black "Beukema, Stefan"]
[Result "0-1"]
[WhiteElo "2064"]
[BlackElo "1994"]
[PlyCount "64"]
[EventType "swiss"]
[EventCountry "LUX"]

1. c4 f5 2. Nf3 Nf6 3. g3 g6 4. Bg2 Bg7 5. O-O O-O 6. d3 h6 7. Nbd2 Qe8 8. Rb1
d6 9. b4 e5 10. Bb2 e4 11. dxe4 fxe4 12. Ne1 e3 13. fxe3 Qxe3+ 14. Kh1 Ng4 15.
Rxf8+ Kxf8 16. Bxg7+ Kxg7 17. Ne4 Bf5 18. Nc2 Qb6 19. h3 Bxe4 20. hxg4 Bxg2+
21. Kxg2 Nc6 22. c5 Qb5 23. cxd6 cxd6 24. Qd2 Re8 25. e3 Ne5 26. Re1 Qc6+ 27.
e4 Qc4 28. Ne3 Qxe4+ 29. Kh3 Nxg4 30. Nxg4 Qxe1 31. Qd4+ Re5 32. Nxe5 Qxe5 0-1

[Event "Kaupthing Open Differdange"]
[Site "Differdange"]
[Date "2007.07.12"]
[Round "7.41"]
[White "Haerri, Adrian"]
[Black "Bishop, Peter"]
[Result "1-0"]
[WhiteElo "2000"]
[BlackElo "1853"]
[PlyCount "91"]
[EventType "swiss"]
[EventCountry "LUX"]

1. d4 e6 2. Nf3 Be7 3. e4 d5 4. e5 c5 5. c3 Qb6 6. Be2 cxd4 7. cxd4 Bd7 8. Nc3
a6 9. O-O Bc6 10. a3 Nd7 11. Re1 Nf8 12. b4 h5 13. Na4 Qd8 14. Bb2 Nh6 15. Nc5
g5 16. a4 g4 17. Nd2 Bxc5 18. dxc5 Ng6 19. Nb3 Nf4 20. Bf1 h4 21. b5 Qg5 22.
Qd2 g3 23. fxg3 hxg3 24. h3 Qh4 25. bxc6 bxc6 26. Nd4 Kd7 27. Nf3 Nxh3+ 28.
gxh3 Qh5 29. Qg2 Nf5 30. Rab1 Kc7 31. Bc3 a5 32. Bd3 Nh4 33. Nxh4 Qxh4 34. Re3
d4 35. Rxg3 dxc3 36. Be4 Rab8 37. Rf1 Rhf8 38. Rxc3 Qh5 39. Rcf3 f6 40. Rxf6
Rxf6 41. Rxf6 Qd1+ 42. Kh2 Rd8 43. Rf7+ Kc8 44. Bxc6 Qh5 45. Rf1 Qxe5+ 46. Kh1
1-0

[Event "Kaupthing Open Differdange"]
[Site "Differdange"]
[Date "2007.07.12"]
[Round "7.42"]
[White "Risch, Michel"]
[Black "Oud, Niek"]
[Result "1-0"]
[WhiteElo "2030"]
[BlackElo "2058"]
[PlyCount "59"]
[EventType "swiss"]
[EventCountry "LUX"]

1. d4 d5 2. c4 e6 3. Nc3 Nf6 4. Nf3 Be7 5. Bg5 O-O 6. e3 b6 7. Qc2 Bb7 8. cxd5
exd5 9. O-O-O Nbd7 10. Bd3 Rc8 11. g4 c5 12. h4 Ne4 13. Bxe7 Qxe7 14. Bxe4 dxe4
15. Ng5 b5 16. d5 f6 17. d6 Qe5 18. f4 Qe8 19. Nh3 Qf7 20. Nxb5 Qxa2 21. Nc3
Qf7 22. h5 Rc6 23. g5 Ra6 24. g6 hxg6 25. hxg6 Qxg6 26. Qb3+ Qf7 27. Qxb7 Ra1+
28. Kc2 Rxd1 29. Rxd1 Rb8 30. Qd5 1-0

[Event "Kaupthing Open Differdange"]
[Site "Differdange"]
[Date "2007.07.12"]
[Round "7.43"]
[White "Boyarchenko, Alex"]
[Black "Preiss, Veronika"]
[Result "0-1"]
[WhiteElo "1952"]
[BlackElo "2039"]
[PlyCount "92"]
[EventType "swiss"]
[EventCountry "LUX"]

1. e4 d6 2. d4 Nf6 3. Nc3 g6 4. f4 Bg7 5. Nf3 c5 6. Bb5+ Bd7 7. e5 Ng4 8. e6
Bxb5 9. exf7+ Kd7 10. Nxb5 Qa5+ 11. Nc3 cxd4 12. Nxd4 Bxd4 13. Qxd4 Nc6 14. Qc4
Qb4 15. Qe2 Nh6 16. O-O Nxf7 17. Kh1 Nd4 18. Qxe7+ Kxe7 19. Nd5+ Kd8 20. Nxb4
a5 21. Be3 axb4 22. Bxd4 Re8 23. c3 Re4 24. h4 Nh6 25. Bf6+ Kd7 26. cxb4 Rxb4
27. a3 Re4 28. Rae1 Rae8 29. Rxe4 Rxe4 30. Kh2 Ng4+ 31. Kh3 Nxf6 32. f5 Re3+
33. g3 Nh5 34. fxg6 Rxg3+ 35. Kh2 hxg6 36. Rf7+ Kc6 37. Rf2 d5 38. Rd2 Rg4 39.
Kh3 Rg3+ 40. Kh2 Kc5 41. Rc2+ Kd6 42. Rd2 Rb3 43. Rf2 Ke5 44. Re2+ Kf5 45. Rd2
Nf4 46. Kg1 Kg4 0-1

[Event "Kaupthing Open Differdange"]
[Site "Differdange"]
[Date "2007.07.13"]
[Round "8.1"]
[White "Gharamian, Tigran"]
[Black "Koneru, Humpy"]
[Result "1/2-1/2"]
[WhiteElo "2517"]
[BlackElo "2572"]
[PlyCount "44"]
[EventType "swiss"]
[EventCountry "LUX"]

1. e4 e5 2. Nf3 Nc6 3. Bb5 a6 4. Ba4 Nf6 5. O-O Be7 6. Re1 b5 7. Bb3 d6 8. c3
O-O 9. h3 Na5 10. Bc2 c5 11. d4 Qc7 12. Nbd2 Rd8 13. d5 c4 14. Nf1 Nb7 15. g4
a5 16. Ng3 g6 17. a3 Nc5 18. Bg5 Ne8 19. Qd2 Bxg5 20. Nxg5 f6 21. Nf3 Qe7 22.
Nh2 Ng7 1/2-1/2

[Event "Kaupthing Open Differdange"]
[Site "Differdange"]
[Date "2007.07.13"]
[Round "8.2"]
[White "Velicka, Petr"]
[Black "Erdos, Viktor"]
[Result "1/2-1/2"]
[WhiteElo "2507"]
[BlackElo "2523"]
[PlyCount "39"]
[EventType "swiss"]
[EventCountry "LUX"]

1. e4 e6 2. Nf3 d5 3. e5 Bd7 4. c3 c5 5. Na3 Nc6 6. d4 f6 7. Bd3 c4 8. Bb1 Bxa3
9. bxa3 Qa5 10. Qd2 Nge7 11. O-O O-O-O 12. Qb2 Rdf8 13. Re1 h6 14. exf6 Rxf6
15. Ne5 Qc7 16. Bc2 Nxe5 17. dxe5 Rf7 18. Be3 b6 19. Bd4 g5 20. f3 1/2-1/2

[Event "Kaupthing Open Differdange"]
[Site "Differdange"]
[Date "2007.07.13"]
[Round "8.4"]
[White "Siebrecht, Sebastian"]
[Black "Schebler, Gerhard"]
[Result "1-0"]
[WhiteElo "2431"]
[BlackElo "2496"]
[PlyCount "143"]
[EventType "swiss"]
[EventCountry "LUX"]

1. Nf3 Nf6 2. d4 g6 3. c4 Bg7 4. Nc3 d6 5. e4 O-O 6. h3 e5 7. d5 Nh5 8. Nh2 Na6
9. g3 Nc5 10. b4 Na6 11. Rb1 f5 12. Be2 Nf6 13. Bf3 Kh8 14. g4 Qe8 15. Be2 Bd7
16. f3 Qe7 17. Bg5 h6 18. Bh4 Rae8 19. Qd3 Qf7 20. a3 Nh7 21. Qd2 Nf6 22. Kd1
Nb8 23. Kc2 c6 24. Bd3 Rc8 25. Kb2 f4 26. Bf2 b6 27. Be2 cxd5 28. cxd5 Rc7 29.
Nb5 Bxb5 30. Bxb5 Rfc8 31. Rbc1 a6 32. Be2 Rxc1 33. Rxc1 Rxc1 34. Qxc1 Qb7 35.
Qc4 Nfd7 36. a4 Bf8 37. Bh4 g5 38. Bf2 Be7 39. Nf1 Kg7 40. Nd2 Bd8 41. Nb3 Kf8
42. Ka3 Qc7 43. Qxc7 Bxc7 44. h4 Ke8 45. Nc1 Kd8 46. Nd3 Kc8 47. Nb2 Kb7 48.
Nc4 Nf6 49. hxg5 hxg5 50. Bxb6 Bxb6 51. Nxd6+ Kc7 52. Nf7 Be3 53. Nxg5 Ne8 54.
Ne6+ Kd6 55. Kb3 Bf2 56. Bf1 Nc7 57. Ng7 Kd7 58. Bh3 Ke7 59. Nf5+ Kf6 60. Nd6
Bd4 61. Bf1 Nd7 62. a5 Kg5 63. Kc2 Bf2 64. Bc4 Kf6 65. Kb3 Be1 66. Nb7 Nb8 67.
d6 Ne8 68. Bd5 Bd2 69. Bc4 Be3 70. Bxa6 Nxd6 71. Nxd6 Nxa6 72. Kc4 1-0

[Event "Kaupthing Open Differdange"]
[Site "Differdange"]
[Date "2007.07.13"]
[Round "8.5"]
[White "Henrichs, Thomas"]
[Black "Steingrimsson, Hedinn"]
[Result "1/2-1/2"]
[WhiteElo "2496"]
[BlackElo "2470"]
[PlyCount "39"]
[EventType "swiss"]
[EventCountry "LUX"]

1. e4 c5 2. Nf3 d6 3. d4 cxd4 4. Nxd4 Nf6 5. Nc3 a6 6. Be2 e5 7. Nb3 Be7 8. O-O
O-O 9. Kh1 Nc6 10. f3 Be6 11. Nd5 a5 12. Be3 a4 13. Nc1 Bxd5 14. exd5 Nd4 15.
Bxd4 exd4 16. Qxd4 Qa5 17. c4 Nd7 18. Rb1 Bf6 19. Qd1 Rfe8 20. Bd3 1/2-1/2

[Event "Kaupthing Open Differdange"]
[Site "Differdange"]
[Date "2007.07.13"]
[Round "8.6"]
[White "Meijers, Viesturs"]
[Black "Hoffmann, Michael"]
[Result "1/2-1/2"]
[WhiteElo "2483"]
[BlackElo "2481"]
[PlyCount "51"]
[EventType "swiss"]
[EventCountry "LUX"]

1. e4 c5 2. Nf3 d6 3. d4 cxd4 4. Nxd4 Nf6 5. Nc3 a6 6. Be2 e5 7. Nb3 Be7 8. Bg5
Be6 9. Bxf6 Bxf6 10. Nd2 Nc6 11. Bc4 b5 12. Bb3 O-O 13. Nd5 Bg5 14. Nf3 Bh6 15.
O-O Kh8 16. Qd3 f5 17. Rad1 fxe4 18. Qxe4 Bf5 19. Qh4 Nd4 20. Qxd8 Nxf3+ 21.
gxf3 Raxd8 22. Rfe1 Bh3 23. Rd3 Bf5 24. Rdd1 Bh3 25. Rd3 Bf5 26. Rdd1 1/2-1/2

[Event "Kaupthing Open Differdange"]
[Site "Differdange"]
[Date "2007.07.13"]
[Round "8.7"]
[White "Malakhatko, Vadim"]
[Black "Rohit, Goginenni"]
[Result "1-0"]
[WhiteElo "2590"]
[BlackElo "2470"]
[PlyCount "79"]
[EventType "swiss"]
[EventCountry "LUX"]

1. c4 Nf6 2. Nc3 e6 3. Nf3 Bb4 4. Qc2 O-O 5. a3 Bxc3 6. Qxc3 b6 7. b4 a5 8. Bb2
axb4 9. axb4 Rxa1+ 10. Bxa1 d6 11. e3 c5 12. Be2 e5 13. O-O Bf5 14. d3 Re8 15.
Bb2 Qe7 16. Re1 Na6 17. b5 Nc7 18. Ra1 Ra8 19. Rxa8+ Nxa8 20. Qa3 Qd8 21. Qa7
Nd7 22. Nd2 Qb8 23. Qa3 Nc7 24. Bf3 Kf8 25. h3 f6 26. Bc6 Ke7 27. g4 Be6 28.
Ne4 Nf8 29. Ng3 g6 30. f4 Bd7 31. Bg2 Nfe6 32. g5 exf4 33. Bxf6+ Kf8 34. Ne2
Ne8 35. Bb2 fxe3 36. Qc3 N8g7 37. Qf6+ Kg8 38. Bd5 Qf8 39. Nf4 e2 40. Kf2 1-0

[Event "Kaupthing Open Differdange"]
[Site "Differdange"]
[Date "2007.07.13"]
[Round "8.8"]
[White "Lobzhanidze, Davit"]
[Black "Kritz, Leonid"]
[Result "0-1"]
[WhiteElo "2470"]
[BlackElo "2571"]
[PlyCount "108"]
[EventType "swiss"]
[EventCountry "LUX"]

1. e4 c5 2. Nf3 Nc6 3. d4 cxd4 4. Nxd4 Qb6 5. Nb3 Nf6 6. Nc3 e6 7. Qe2 Qc7 8.
g4 d6 9. g5 Nd7 10. Be3 a6 11. Bg2 b5 12. a3 Nb6 13. Rd1 Nc4 14. Bc1 g6 15. h4
Bg7 16. Rd3 h5 17. gxh6 Bxh6 18. f4 Bb7 19. h5 gxh5 20. Rxh5 O-O-O 21. Rdh3 Bg7
22. Rxh8 Rxh8 23. Rxh8+ Bxh8 24. a4 Qb6 25. axb5 axb5 26. Qf2 Nd4 27. Nxd4 Bxd4
28. Qg3 Bxc3+ 29. Qxc3 Qg1+ 30. Bf1 Bxe4 31. Qh3 Bxc2 32. b3 Qd4 33. bxc4 Qd1+
34. Kf2 Qxc1 35. Qh8+ Kc7 36. Qd4 Qa3 37. cxb5 Qc5 38. Qxc5+ dxc5 39. Ke3 Kb6
40. Be2 Ba4 41. Bh5 f6 42. Bf7 Kxb5 43. Bxe6 Kb4 44. Ke4 Bc2+ 45. Kf3 c4 46.
Ke3 Kc3 47. Bf7 Bd3 48. Be6 f5 49. Bd7 Be4 50. Be6 Kb4 51. Kd2 c3+ 52. Kc1 Kc5
53. Kd1 Kd4 54. Ke2 Bd3+ 0-1

[Event "Kaupthing Open Differdange"]
[Site "Differdange"]
[Date "2007.07.13"]
[Round "8.9"]
[White "Michiels, Bart"]
[Black "Schlosser, Philipp"]
[Result "0-1"]
[WhiteElo "2454"]
[BlackElo "2562"]
[PlyCount "54"]
[EventType "swiss"]
[EventCountry "LUX"]

1. e4 c5 2. Nf3 d6 3. d4 Nf6 4. Nc3 cxd4 5. Nxd4 a6 6. Bc4 e6 7. O-O b5 8. Bb3
Be7 9. Qf3 Qb6 10. Be3 Qb7 11. Qg3 b4 12. Na4 Nbd7 13. f3 O-O 14. Rac1 Rb8 15.
Rfd1 Ne5 16. c4 bxc3 17. Rxc3 Bd7 18. Nb6 Qxb6 19. Nf5 exf5 20. Bxb6 Rxb6 21.
exf5 Bxf5 22. Kh1 Re8 23. Rc7 Nd3 24. Qg5 Nf2+ 25. Kg1 Nxd1 26. Qxf5 Rxb3 27.
axb3 Bd8 0-1

[Event "Kaupthing Open Differdange"]
[Site "Differdange"]
[Date "2007.07.13"]
[Round "8.10"]
[White "Bojkov, Dejan"]
[Black "Wehmeier, Stefan"]
[Result "1/2-1/2"]
[WhiteElo "2520"]
[BlackElo "2417"]
[PlyCount "62"]
[EventType "swiss"]
[EventCountry "LUX"]

1. e4 e5 2. Nf3 Nc6 3. Bc4 Nf6 4. d3 Bc5 5. c3 d6 6. Bb3 Bb6 7. Nbd2 Ne7 8. Nc4
Ng6 9. h3 O-O 10. Bg5 h6 11. Nxb6 axb6 12. Nh4 Kh7 13. Nxg6 fxg6 14. Be3 d5 15.
exd5 Nxd5 16. O-O Nf4 17. Bxf4 exf4 18. Qf3 Ra5 19. d4 Rh5 20. Rfe1 Bd7 21.
Rad1 Bc6 22. d5 Bd7 23. Rd4 Qg5 24. Kf1 Qf6 25. Rde4 Qd6 26. Kg1 Rhf5 27. c4
R5f6 28. Bc2 b5 29. cxb5 Bxb5 30. Re6 Qd8 31. Re7 Re8 1/2-1/2

[Event "Kaupthing Open Differdange"]
[Site "Differdange"]
[Date "2007.07.13"]
[Round "8.12"]
[White "Feller, Sebastien"]
[Black "Lagerman, Robert"]
[Result "1-0"]
[WhiteElo "2478"]
[BlackElo "2315"]
[PlyCount "51"]
[EventType "swiss"]
[EventCountry "LUX"]

1. d4 Nf6 2. Nf3 c5 3. d5 d6 4. Nc3 g6 5. e4 Bg7 6. Bb5+ Bd7 7. a4 O-O 8. O-O
Na6 9. Re1 Nc7 10. Bf1 a6 11. e5 dxe5 12. Nxe5 Be8 13. Bc4 b5 14. axb5 axb5 15.
Rxa8 Qxa8 16. d6 exd6 17. Qxd6 Qc8 18. Bg5 Qf5 19. Bxf6 Bxf6 20. Bd3 Bxe5 21.
Rxe5 Qd7 22. Qxc5 Ne6 23. Qe3 b4 24. Nd5 Qd6 25. Nf6+ Kg7 26. Ng4 1-0

[Event "Kaupthing Open Differdange"]
[Site "Differdange"]
[Date "2007.07.13"]
[Round "8.14"]
[White "Zozulia, Anna"]
[Black "Kasparov, Sergey"]
[Result "1/2-1/2"]
[WhiteElo "2328"]
[BlackElo "2500"]
[PlyCount "96"]
[EventType "swiss"]
[EventCountry "LUX"]

1. e4 c6 2. d4 d5 3. exd5 cxd5 4. Bd3 Nc6 5. c3 Nf6 6. Bf4 Bg4 7. Qb3 Na5 8.
Qa4+ Bd7 9. Qc2 a6 10. a4 Bg4 11. Nd2 Bh5 12. Ngf3 Bg6 13. Ne5 Bxd3 14. Qxd3 e6
15. b4 Nc6 16. Nxc6 bxc6 17. O-O Bd6 18. Bxd6 Qxd6 19. Nb3 Nd7 20. Qg3 Qxg3 21.
hxg3 Ke7 22. Rfe1 Kd6 23. Rab1 Rab8 24. f3 Rhe8 25. Kf2 h6 26. Re2 Ra8 27. Nc5
Reb8 28. a5 Rb5 29. Nxd7 Kxd7 30. f4 Re8 31. Rbe1 Rbb8 32. Ke3 Kd6 33. Kd3 Re7
34. Re3 Rbe8 35. R3e2 Rg8 36. Rh1 Ree8 37. Rh5 Rh8 38. g4 g6 39. Rh3 h5 40.
gxh5 Rxh5 41. Rxh5 gxh5 42. Re3 Rg8 43. Rh3 Rxg2 44. Rxh5 Rg3+ 45. Kd2 Rf3 46.
Rh4 Rf2+ 47. Ke3 Ra2 48. Kd3 Rf2 1/2-1/2

[Event "Kaupthing Open Differdange"]
[Site "Differdange"]
[Date "2007.07.13"]
[Round "8.15"]
[White "Korman, Maxim"]
[Black "Wirig, Anthony"]
[Result "0-1"]
[WhiteElo "2061"]
[BlackElo "2487"]
[PlyCount "136"]
[EventType "swiss"]
[EventCountry "LUX"]

1. e4 c5 2. Nc3 a6 3. g3 b5 4. Bg2 Bb7 5. d3 e6 6. Be3 d5 7. exd5 Nf6 8. Nge2
Nxd5 9. Qd2 Qd7 10. Nxd5 Bxd5 11. O-O Bxg2 12. Kxg2 Be7 13. a4 Qb7+ 14. f3 Nd7
15. axb5 axb5 16. d4 cxd4 17. Rxa8+ Qxa8 18. Nxd4 b4 19. Rd1 Nf6 20. c4 bxc3
21. bxc3 O-O 22. c4 Rc8 23. Qd3 Qa2+ 24. Rd2 Qxc4 25. Qxc4 Rxc4 26. Rc2 Nd5 27.
Bf2 Rxc2 28. Nxc2 Kf8 29. Bd4 g6 30. Kf2 Ke8 31. Ke2 Kd7 32. Kd3 Bd6 33. Ne3
Nb4+ 34. Kc4 Nc6 35. Bf6 Be5 36. Bg5 Bd4 37. Kd3 Ne5+ 38. Ke2 Bxe3 39. Kxe3 Kd6
40. Bf6 Nd7 41. Bb2 Kd5 42. Bc3 e5 43. Ba5 f5 44. Bd8 Nc5 45. Be7 Ne6 46. Bf6
Nc7 47. Be7 Nb5 48. Bb4 Kc4 49. Bf8 Kd5 50. Bg7 Nd6 51. Bf6 Nc4+ 52. Kd3 e4+
53. fxe4+ fxe4+ 54. Ke2 Ke6 55. Bd8 Kf5 56. h3 Ke5 57. Bc7+ Kd4 58. Bd8 Nd6 59.
Bf6+ Kd5 60. Bd8 Nf5 61. Bc7 Kd4 62. Bb6+ Kc4 63. Bc7 Ne7 64. Bb8 Nd5 65. Bd6
Kd4 66. Bb8 e3 67. Ba7+ Ke4 68. g4 Nf4+ 0-1

[Event "Kaupthing Open Differdange"]
[Site "Differdange"]
[Date "2007.07.13"]
[Round "8.16"]
[White "Gaponenko, Inna"]
[Black "Mamedjarova, Turkan"]
[Result "0-1"]
[WhiteElo "2458"]
[BlackElo "2254"]
[PlyCount "32"]
[EventType "swiss"]
[EventCountry "LUX"]

1. e4 e5 2. Nf3 d6 3. d4 exd4 4. Nxd4 Nf6 5. Nc3 Be7 6. Bf4 O-O 7. Qd2 Nc6 8.
O-O-O Nxd4 9. Qxd4 Be6 10. f3 Nd7 11. Qe3 Bf6 12. g4 Qe7 13. h4 Be5 14. Be2 a5
15. Bh2 Bxc3 16. Qxc3 Nc5 0-1

[Event "Kaupthing Open Differdange"]
[Site "Differdange"]
[Date "2007.07.13"]
[Round "8.17"]
[White "Bakalarz, Mieczyslaw"]
[Black "Valuet, Bertrand"]
[Result "0-1"]
[WhiteElo "2355"]
[BlackElo "2303"]
[PlyCount "99"]
[EventType "swiss"]
[EventCountry "LUX"]

1. d4 Nf6 2. Nf3 g6 3. c4 Bg7 4. Nc3 O-O 5. Bf4 d5 6. e3 c5 7. dxc5 Qa5 8. Rc1
Nc6 9. cxd5 Rd8 10. Qa4 Qxa4 11. Nxa4 Nxd5 12. Bg3 Ncb4 13. Bc4 Bd7 14. Nc3
Nxc3 15. bxc3 Na6 16. Bxa6 bxa6 17. Nd4 Rdc8 18. c4 a5 19. c6 Bxc6 20. f3 Bd5
21. c5 Bxa2 22. Ke2 a6 23. Rc2 Bd5 24. Ra1 e5 25. Bxe5 Bxe5 26. Rxa5 Bxd4 27.
exd4 Rc6 28. Kd3 Rb8 29. Re2 Be6 30. Re5 Rd8 31. Kc3 f6 32. Re1 Rb8 33. Rxe6
Rxe6 34. d5 Re5 35. c6 Kf7 36. Kc4 Ke7 37. Rxa6 Kd6 38. Ra7 Rd8 39. Ra5 Re1 40.
Kd4 Rc1 41. Rb5 Ra8 42. h4 Ra4+ 43. Ke3 Rc5 44. Rb7 Rxd5 45. Rxh7 Kxc6 46. Rh6
Ra3+ 47. Kf4 Rf5+ 48. Kg4 Ra4+ 49. Kg3 g5 50. h5 0-1

[Event "Kaupthing Open Differdange"]
[Site "Differdange"]
[Date "2007.07.13"]
[Round "8.18"]
[White "Van Dooren, Dirk"]
[Black "Goriachnik, Dmitry"]
[Result "1-0"]
[WhiteElo "2331"]
[BlackElo "2301"]
[PlyCount "81"]
[EventType "swiss"]
[EventCountry "LUX"]

1. f4 d5 2. Nf3 c5 3. g3 Nc6 4. Bg2 h6 5. d3 Nf6 6. O-O Bf5 7. Ne5 e6 8. Nxc6
bxc6 9. c3 Qb6 10. Kh1 Be7 11. Qe1 a5 12. Nd2 Qa6 13. c4 Bh7 14. e4 Rd8 15. Qe2
O-O 16. Rf3 a4 17. e5 Nd7 18. Nb1 Nb6 19. Na3 Rd7 20. g4 Rfd8 21. f5 dxc4 22.
dxc4 Rd1+ 23. Rf1 Rxf1+ 24. Qxf1 exf5 25. gxf5 Qc8 26. f6 Bf8 27. Bh3 Rd1 28.
Qxd1 Qxh3 29. Kg1 Be4 30. Qe2 Bf3 31. Qc2 Qg4+ 32. Kf1 Nd7 33. Be3 Nxe5 34. Qf2
Qh3+ 35. Kg1 Be4 36. Qg3 Nf3+ 37. Kf2 Qe6 38. Nb1 Qxf6 39. Nc3 Ne5+ 40. Ke1 Bd3
41. Bf4 1-0

[Event "Kaupthing Open Differdange"]
[Site "Differdange"]
[Date "2007.07.13"]
[Round "8.19"]
[White "Iotov, Valentin"]
[Black "Sorm, Daniel"]
[Result "1-0"]
[WhiteElo "2502"]
[BlackElo "2250"]
[PlyCount "93"]
[EventType "swiss"]
[EventCountry "LUX"]

1. d4 d5 2. Nf3 c6 3. c4 e6 4. Qc2 Bd6 5. g3 f5 6. Bg2 Nf6 7. O-O O-O 8. b3 Bd7
9. Ba3 Bxa3 10. Nxa3 Be8 11. Qb2 Nbd7 12. Nc2 Ne4 13. Nce1 f4 14. Nd3 fxg3 15.
hxg3 Rf6 16. Nd2 Bg6 17. Nf4 Bf5 18. Nxe4 dxe4 19. f3 g5 20. fxe4 Bg4 21. Nd3
e5 22. Rxf6 Qxf6 23. Rf1 Qe7 24. e3 Rf8 25. Rxf8+ Qxf8 26. Nf2 Bf3 27. Bh3 g4
28. Bxg4 Bxg4 29. Nxg4 Qg7 30. Nh2 Qxg3+ 31. Qg2 Qxg2+ 32. Kxg2 Kf7 33. Nf3 c5
34. Kg3 Kf6 35. d5 a6 36. a4 b6 37. Kg4 a5 38. Kh5 Ke7 39. Kg5 Kd6 40. Kf5 h6
41. Nh4 Nf8 42. Nf3 Nd7 43. Nh2 h5 44. Nf3 Nb8 45. Nxe5 h4 46. Nf3 h3 47. e5+
1-0

[Event "Kaupthing Open Differdange"]
[Site "Differdange"]
[Date "2007.07.13"]
[Round "8.21"]
[White "Kasparova, Tatiana"]
[Black "Ajrapetjan, Yuriy"]
[Result "1/2-1/2"]
[WhiteElo "2217"]
[BlackElo "2387"]
[PlyCount "30"]
[EventType "swiss"]
[EventCountry "LUX"]

1. e4 e5 2. Nf3 Nc6 3. Bb5 a6 4. Bxc6 dxc6 5. O-O Bg4 6. h3 Bxf3 7. Qxf3 Qd7 8.
d3 f6 9. Nd2 Bd6 10. Nc4 Ne7 11. Qg4 Qxg4 12. hxg4 Ng6 13. Ne3 O-O-O 14. g3 h5
15. gxh5 Rxh5 1/2-1/2

[Event "Kaupthing Open Differdange"]
[Site "Differdange"]
[Date "2007.07.13"]
[Round "8.22"]
[White "Mamedjarova, Zeinab"]
[Black "Schweitzer, Viktoriya"]
[Result "1-0"]
[WhiteElo "2384"]
[BlackElo "2243"]
[PlyCount "80"]
[EventType "swiss"]
[EventCountry "LUX"]

1. d4 Nf6 2. c4 e6 3. Nf3 b6 4. g3 Ba6 5. b3 Bb4+ 6. Bd2 Be7 7. Bg2 c6 8. O-O
d5 9. Ne5 Nfd7 10. Nxd7 Nxd7 11. Bc3 O-O 12. Nd2 Rc8 13. Re1 b5 14. c5 e5 15.
e3 e4 16. a4 b4 17. Bxb4 f5 18. Bc3 Qe8 19. b4 h5 20. b5 Bb7 21. Rb1 h4 22. Nb3
hxg3 23. fxg3 Bd8 24. Rf1 Qg6 25. Qe2 Qh6 26. Ba5 Bg5 27. Bd2 Bd8 28. Na5 Bxa5
29. Bxa5 Rf7 30. Rf2 Rcf8 31. Bd2 Nf6 32. Bf1 Ng4 33. Rg2 g5 34. Bc1 Rh7 35.
Qa2 Kh8 36. Rb3 Qf6 37. Re2 Nxe3 38. Bxe3 f4 39. gxf4 Qg7 40. bxc6 Bxc6 {
illisibe} 1-0

[Event "Kaupthing Open Differdange"]
[Site "Differdange"]
[Date "2007.07.13"]
[Round "8.23"]
[White "Berend, Fred"]
[Black "Mertens, Marc"]
[Result "1-0"]
[WhiteElo "2346"]
[BlackElo "2207"]
[PlyCount "99"]
[EventType "swiss"]
[EventCountry "LUX"]

1. e4 c5 2. Nf3 e6 3. d4 cxd4 4. Nxd4 Nf6 5. Nc3 d6 6. g3 a6 7. Bg2 Be7 8. O-O
Qc7 9. Re1 Nc6 10. Nxc6 bxc6 11. e5 dxe5 12. Rxe5 Bd6 13. Re2 O-O 14. Bg5 Rd8
15. Rd2 Bb7 16. Qe2 Be7 17. Bf4 Qa5 18. Rad1 Rxd2 19. Bxd2 Qc7 20. Bf4 Qc8 21.
Na4 Qf8 22. c4 Rd8 23. Be3 Rxd1+ 24. Qxd1 Qc8 25. Bc5 Kf8 26. Qd3 Qc7 27. Qa3
Bc8 28. Qb4 Ng8 29. a3 f6 30. Nb6 Bb7 31. Bh3 Kf7 32. Na4 Bc8 33. Qd2 Qe5 34.
Qe3 Bxc5 35. Qxe5 Bxf2+ 36. Kxf2 fxe5 37. Nb6 Ne7 38. Bg2 Bb7 39. Nd7 Nf5 40.
Nc5 Bc8 41. Bxc6 Nd6 42. b3 Nf5 43. Be4 Nd4 44. b4 h6 45. Ke3 Ke7 46. Kd2 a5
47. b5 Kd6 48. Nd3 Nb3+ 49. Ke3 Bd7 50. b6 1-0

[Event "Kaupthing Open Differdange"]
[Site "Differdange"]
[Date "2007.07.13"]
[Round "8.24"]
[White "Gretarsson, Hjorvar Stein"]
[Black "Berend, Elvira S"]
[Result "1/2-1/2"]
[WhiteElo "2168"]
[BlackElo "2340"]
[PlyCount "139"]
[EventType "swiss"]
[EventCountry "LUX"]

1. c4 Nf6 2. Nc3 g6 3. d4 Bg7 4. e4 O-O 5. f3 d6 6. Nge2 c6 7. Bg5 a6 8. Qd2 b5
9. Bh6 e5 10. O-O-O b4 11. Nb1 exd4 12. Bxg7 Kxg7 13. Qxd4 Qa5 14. h4 Qc5 15.
Qxd6 Qxc4+ 16. Nec3 Qe6 17. Qxb4 Nbd7 18. Qd4 Qe5 19. Na3 Qxd4 20. Rxd4 Nh5 21.
g4 Nf4 22. Nc4 Rb8 23. Rh2 h5 24. g5 f6 25. gxf6+ Rxf6 26. Rhd2 Nc5 27. e5 Rf8
28. Rd6 Bf5 29. Ne3 Rbe8 30. b4 Ncd3+ 31. Bxd3 Bxd3 32. Ng2 Nxg2 33. Rxg2 Rxf3
34. Kd2 Bf5 35. Re2 Rf4 36. Rxc6 Rxb4 37. Rc7+ Kh6 38. Ke1 Rxh4 39. Rc5 Rh1+
40. Kf2 h4 41. Kg2 Rc1 42. Kh2 Rc2 43. Rxc2 Bxc2 44. Ne2 Bf5 45. Nd4 Kg5 46. e6
Kf6 47. Rc6 a5 48. e7+ Kxe7 49. Nxf5+ gxf5 50. Kh3 Rd8 51. Rc5 Rd3+ 52. Kxh4
Ra3 53. Kg5 Rxa2 54. Kxf5 Kd6 55. Rc1 Kd5 56. Kf4 Kd4 57. Rd1+ Kc3 58. Ke3 a4
59. Rd8 Rc2 60. Ra8 Kb3 61. Kd3 Rc1 62. Kd2 Rc7 63. Rb8+ Ka2 64. Rb4 a3 65. Kd1
Rc3 66. Rb7 Rb3 67. Rc7 Kb2 68. Rc2+ Kb1 69. Rc1+ Ka2 70. Rc2+ 1/2-1/2

[Event "Kaupthing Open Differdange"]
[Site "Differdange"]
[Date "2007.07.13"]
[Round "8.25"]
[White "Bergsson, Snorri"]
[Black "Zelbel, Patrick"]
[Result "1/2-1/2"]
[WhiteElo "2301"]
[BlackElo "2193"]
[PlyCount "190"]
[EventType "swiss"]
[EventCountry "LUX"]

1. e4 c5 2. Nf3 d6 3. d4 cxd4 4. Nxd4 Nf6 5. Nc3 a6 6. Be3 e5 7. Nb3 Be7 8. Be2
Be6 9. Qd2 Nbd7 10. O-O-O b5 11. f4 Rc8 12. Kb1 O-O 13. f5 Bc4 14. a3 Bxe2 15.
Qxe2 Rxc3 16. bxc3 Nxe4 17. Rd3 Qc7 18. Bd2 Nxd2+ 19. Nxd2 Qc5 20. Qg4 Nf6 21.
Qb4 Qc6 22. Re1 Rc8 23. Ne4 Nd5 24. Qb3 Nf4 25. Rd2 d5 26. Nf2 Nxg2 27. Rxe5
Bf6 28. Qxd5 Qxd5 29. Rexd5 Ne3 30. R5d3 Nc4 31. Rd1 Nxa3+ 32. Ka2 Nc4 33. Ne4
Be7 34. Rd7 Bh4 35. f6 gxf6 36. Nd6 Nxd6 37. R1xd6 Rxc3 38. Kb2 Rh3 39. Rxa6
Be1 40. Raa7 Bc3+ 41. Ka2 Kg7 42. Rxf7+ Kg6 43. Rg7+ Kf5 44. Rxh7 Rxh7 45. Rxh7
Kg4 46. Rg7+ Kf4 47. Kb3 b4 48. Kc4 f5 49. Rg3 Ke4 50. Rg8 f4 51. Re8+ Be5 52.
Rxe5+ Kxe5 53. Kd3 Kf5 54. h3 Ke5 55. h4 Kf5 56. h5 Kg5 57. Ke4 Kg4 58. h6 f3
59. Ke3 Kg3 60. h7 f2 61. h8=Q f1=Q 62. Qe5+ Kg4 63. Qd4+ Kg3 64. Qd6+ Kg2 65.
Qxb4 Qf2+ 66. Kd3 Qf3+ 67. Kd2 Qf2+ 68. Kc1 Qf4+ 69. Kb2 Qf6+ 70. Kb3 Qf3+ 71.
c3 Qd1+ 72. Kc4 Qg4+ 73. Kc5 Qf5+ 74. Kc6 Qc8+ 75. Kb5 Qb7+ 76. Ka4 Qc6+ 77.
Kb3 Qd5+ 78. c4 Qf3+ 79. Kb2 Qf6+ 80. Qc3 Qb6+ 81. Kc2 Qc5 82. Qd3 Qc7 83. Qd5+
Kg1 84. Qg5+ Kh1 85. Qh5+ Kg1 86. c5 Qc6 87. Qg5+ Kh1 88. Qc1+ Kg2 89. Qg5+ Kh1
90. Kc3 Qf3+ 91. Kd4 Qd1+ 92. Ke5 Qe2+ 93. Kd6 Qa6+ 94. c6 Qa3+ 95. Kd5 Qd3+
1/2-1/2

[Event "Kaupthing Open Differdange"]
[Site "Differdange"]
[Date "2007.07.13"]
[Round "8.27"]
[White "Bednarich, Jan"]
[Black "Bellin, Jana"]
[Result "1/2-1/2"]
[WhiteElo "2279"]
[BlackElo "2151"]
[PlyCount "34"]
[EventType "swiss"]
[EventCountry "LUX"]

1. d4 Nf6 2. g3 c5 3. Nf3 b6 4. d5 d6 5. Bg2 g6 6. O-O Bg7 7. c4 O-O 8. Nc3 Na6
9. Re1 Nc7 10. Rb1 a6 11. e4 Nd7 12. a4 Rb8 13. Qe2 b5 14. Bd2 bxc4 15. Qxc4 a5
16. Bf4 Ba6 17. Qa2 Bd3 1/2-1/2